|
|
|
|
| LEADER |
02649nam a2200661 a 4500 |
| 001 |
nkc20142590525 |
| 003 |
CZ PrNK |
| 005 |
20221209083734.0 |
| 007 |
ta |
| 008 |
140519s2014 xr e 000 0ccze |
| 015 |
|
|
|a cnb002590525
|
| 020 |
|
|
|a 978-80-7325-338-7
|q (brož.) :
|c Kč 169,00
|
| 035 |
|
|
|a (OCoLC)886604065
|
| 040 |
|
|
|a ABA001
|b cze
|d BOA001
|
| 041 |
1 |
|
|a cze
|h fre
|
| 072 |
|
7 |
|a 82
|x Literatura. Literární život
|2 Konspekt
|9 11
|
| 080 |
|
|
|a 821(100)
|2 MRF
|
| 080 |
|
|
|a 177.6
|2 MRF
|
| 080 |
|
|
|a 316.474
|2 MRF
|
| 080 |
|
|
|a 82:7.04
|2 MRF
|
| 080 |
|
|
|a 82.07
|2 MRF
|
| 080 |
|
|
|a 82:101
|2 MRF
|
| 080 |
|
|
|a 82:316.3
|2 MRF
|
| 080 |
|
|
|a 130.2
|2 MRF
|
| 080 |
|
|
|a (048.8)
|2 MRF
|
| 100 |
1 |
|
|a Finkielkraut, Alain,
|d 1949-
|7 skuk0000389
|4 aut
|
| 245 |
1 |
0 |
|a Co kdyby láska nikdy neskončila /
|c Alain Finkielkraut ; [z francouzského originálu ... přeložila Pavla Doležalová]
|
| 246 |
1 |
|
|i Obálkový podnázev:
|a Láska v díle paní de La Fayette, Ingmara Bergmana, Philipa Rotha a Milana Kundery
|
| 250 |
|
|
|a 1. vyd.
|
| 260 |
|
|
|a Brno :
|b Centrum pro studium demokracie a kultury,
|c 2014
|
| 300 |
|
|
|a 109 s. ;
|c 20 cm
|
| 504 |
|
|
|a Obsahuje bibliografie a bibliografické odkazy
|
| 650 |
0 |
7 |
|a světová literatura
|7 ph116360
|2 czenas
|
| 650 |
0 |
7 |
|a láska
|7 ph117230
|2 czenas
|
| 650 |
0 |
7 |
|a literární náměty
|7 ph138213
|2 czenas
|
| 650 |
0 |
7 |
|a interpretace a přijetí literárního díla
|7 ph137145
|2 czenas
|
| 650 |
0 |
7 |
|a literatura a filozofie
|7 ph122368
|2 czenas
|
| 650 |
0 |
7 |
|a literatura a společnost
|7 ph122371
|2 czenas
|
| 650 |
0 |
7 |
|a filozofie kultury
|7 ph120226
|2 czenas
|
| 650 |
0 |
9 |
|a world literature
|2 eczenas
|
| 650 |
0 |
9 |
|a love
|2 eczenas
|
| 650 |
0 |
9 |
|a literary themes
|2 eczenas
|
| 650 |
0 |
9 |
|a interpretation and reception of literature
|2 eczenas
|
| 650 |
0 |
9 |
|a literature and philosophy
|2 eczenas
|
| 650 |
0 |
9 |
|a literature and society
|2 eczenas
|
| 650 |
0 |
9 |
|a philosophy of culture
|2 eczenas
|
| 655 |
|
7 |
|a studie
|7 fd133597
|2 czenas
|
| 655 |
|
9 |
|a studies
|2 eczenas
|
| 765 |
0 |
|
|t Et si l'amour durait
|9 Česky
|
| 910 |
2 |
|
|a BOA001
|b 1-1328.650
|b KMK-0000.128
|
| 928 |
9 |
|
|a Centrum pro studium demokracie a kultury (CDK)
|
| 928 |
9 |
|
|a CDK (Centrum pro studium demokracie a kultury)
|
| 990 |
|
|
|a BK
|
| 995 |
|
|
|a 01
|
| 991 |
|
|
|b 201406
|c NOV
|j 82.0 FIN
|e n
|
| 996 |
6 |
|
|b 2610595134
|c 1-1328.650
|l MZK
|r Sklad / do 1 hodiny
|n 1
|p p.v.
|w 001429120
|u 000010
|a 1
|e BOA001
|j MZK50
|s P
|
| 996 |
7 |
|
|b 2610595135
|c 1-1328.650
|l MZK
|r Sklad / do 1 hodiny
|n 8
|p p.v.
|w 001429120
|u 000020
|a 1
|e BOA001
|j MZK50
|s A
|
| 996 |
6 |
|
|b 261K000157
|c KMK-0000.128
|l MZK
|r K. M. Kundery - 1. patro
|n 0
|p dar
|h G/01-11.O,007
|w 001429120
|u 000030
|a 0
|e BOA001
|j MZK50
|s P
|